Catálogo
 En Linea

Bibliografía anotada del teatro colombiano / (Registro nro. 15293)

Detalles MARC
000 -CABECERA
campo de control de longitud fija 00881cam a2200265 a 4500
001 - NÚMERO DE CONTROL
campo de control 000015743
005 - FECHA Y HORA DE LA ÚLTIMA TRANSACCIÓN
campo de control 20200929164134.0
008 - DATOS DE LONGITUD FIJA--INFORMACIÓN GENERAL
campo de control de longitud fija 031231s2003 ck b 001 0 spa
010 ## - NÚMERO DE CONTROL DE LA BIBLIOTECA DEL CONGRESO
Número de control de LC 2004394015
020 ## - NÚMERO INTERNACIONAL ESTÁNDAR DEL LIBRO
Número Internacional Estándar del Libro 9583349828
040 ## - FUENTE DE LA CATALOGACIÓN
Centro catalogador/agencia de origen DO-SdBNP
Lengua de catalogación spa
Centro/agencia transcriptor BNPHU
082 ## - NÚMERO DE LA CLASIFICACIÓN DECIMAL DEWEY
Número de clasificación 016.862
Número de documento/Ítem L241b
100 1# - ENTRADA PRINCIPAL--NOMBRE DE PERSONA
Nombre de persona Lamus Obregón, Marina.
9 (RLIN) 9023
245 10 - MENCIÓN DE TÍTULO
Título Bibliografía anotada del teatro colombiano /
Mención de responsabilidad, etc. Marina Lamus Obregón.
246 18 - FORMA VARIANTE DE TÍTULO
Título propio/Titulo breve Teatro colombiano, bibliografía anotado
246 3# - FORMA VARIANTE DE TÍTULO
Título propio/Titulo breve Bibliografía anotada
246 3# - FORMA VARIANTE DE TÍTULO
Título propio/Titulo breve Páginas de teatro colombiana
260 ## - PUBLICACIÓN, DISTRIBUCIÓN, ETC.
Lugar de publicación, distribución, etc. Bogotá :
Nombre del editor, distribuidor, etc. Circulo de Lectura Alternativa,
Fecha de publicación, distribución, etc. c2003.
300 ## - DESCRIPCIÓN FÍSICA
Extensión 632 p. ;
Dimensiones 24 cm.
490 1# - MENCIÓN DE SERIE
Mención de serie Referencia
504 ## - NOTA DE BIBLIOGRAFÍA, ETC.
Nota de bibliografía, etc. Incluye referencias bibliográficas (p. 631-632)
504 ## - NOTA DE BIBLIOGRAFÍA, ETC.
Nota de bibliografía, etc. Incluye índice
650 #4 - PUNTO DE ACCESO ADICIONAL DE MATERIA--TÉRMINO DE MATERIA
Término de materia o nombre geográfico como elemento de entrada Bibliografía
Subdivisión general Colombia
9 (RLIN) 35420
650 #4 - PUNTO DE ACCESO ADICIONAL DE MATERIA--TÉRMINO DE MATERIA
Término de materia o nombre geográfico como elemento de entrada Teatro colombiano
Subdivisión general Bibliografía
9 (RLIN) 35421
Existencias
Estado de retiro Estado de pérdida Restricciones de uso No para préstamo Código de colección Localización permanente Ubicación/localización actual Ubicación en estantería Fecha de adquisición Número de inventario Total de préstamos Signatura topográfica completa Código de barras Fecha visto por última vez Precio válido a partir de Tipo de ítem Koha Número de copia
      Excluido de préstamo Monografías: Libros y Folletos General General Depósito 17.02.2010 LF1   016.862 L241b 15743-10 25.06.2020 25.06.2020 No se presta  
  Extraviado   Excluido de préstamo Monografías: Libros y Folletos General General Extraviado 22.05.2017 LF1   016.862 L241b 15743-20 25.06.2020 25.06.2020 No se presta e. 2

Con tecnología Koha